K některým otázkám regionální ekonomiky v podmínkách transformace.
Formulácia názoru na hlavné myšlienky článku M. Hučka v č. 10/1992. Poznámky k časti "Regionálna politika a transformačný proces". K otázke cieľov regionálnej ekonomickej politiky v období transformácie. K problematike výberu regiónov, ktoré by mali byť podporované.
Salvato in:
| Autore principale: | |
|---|---|
| Natura: | Capitolo di libro |
| Lingua: | ceco |
| Soggetti: | |
| Tags: |
Nessun Tag, puoi essere il primo ad aggiungerne!!
|
MARC
| LEADER | 00000naa a2200000 4500 | ||
|---|---|---|---|
| 001 | r011383 | ||
| 005 | 20220826093818.0 | ||
| 041 | 0 | |a cze | |
| 044 | |a [CS] | ||
| 245 | 1 | 0 | |a K některým otázkám regionální ekonomiky v podmínkách transformace. |c J. Vavříková |
| 520 | |a Formulácia názoru na hlavné myšlienky článku M. Hučka v č. 10/1992. Poznámky k časti "Regionálna politika a transformačný proces". K otázke cieľov regionálnej ekonomickej politiky v období transformácie. K problematike výberu regiónov, ktoré by mali byť podporované. | ||
| 610 | 2 | 0 | |a ekonomika priestorová |
| 610 | 2 | 0 | |a politika regionálna |
| 610 | 2 | 0 | |a transformácia |
| 610 | 2 | 0 | |a regióny |
| 610 | 2 | 0 | |a Čechy |
| 100 | 1 | |a Vavříková, J. | |